| 000 | 00529nam a2200205Ia 4500 | ||
|---|---|---|---|
| 003 | IN-BaIIA | ||
| 008 | 211028s9999 xx 000 0 eng d | ||
| 040 | _cIIA Library | ||
| 080 |
_a12:55.0 _bMUE |
||
| 100 |
_aMuller, Conard G _914280 |
||
| 245 | 0 |
_aLight and Vision _cConard G Muller and Mae Rudolph |
|
| 250 | _a2nd ed. | ||
| 260 |
_aHong Kong _bTime-Life Books _c1983 |
||
| 300 | _a200p | ||
| 650 |
_aLight _92428 |
||
| 650 | _aNASA Thesaurus | ||
| 650 |
_aVision _914281 |
||
| 700 |
_aRudolph, Mae _914282 |
||
| 942 | _cBK | ||
| 999 |
_c8523 _d8523 |
||